| 000 | nam a22 7a 4500 | ||
|---|---|---|---|
| 999 |
_c40004 _d40004 |
||
| 005 | 20171013122347.0 | ||
| 008 | 171013b xxu||||| |||| 00| 0 eng d | ||
| 020 | _a958-28-0856-X | ||
| 040 | _aANE | ||
| 041 | _aEs | ||
| 082 | _a863 N477 | ||
| 100 | _aNewton, Michael | ||
| 245 |
_aLa Vida entre Vidas _cMichael, Newton |
||
| 260 |
_aSantafé de Bogotá _bPrinter _c1966 |
||
| 300 | _a315 p. | ||
| 500 | _aIntroducción | ||
| 500 | _aÍndice | ||
| 650 | _aNovela | ||
| 942 |
_2ddc _cBK _zNr. |
||